|
|
|
|
| LEADER |
00835naa a2200241 i 4500 |
| 001 |
publ14023 |
| 005 |
20181115093230.0 |
| 008 |
181115s2018 hu o 0|| zxx d |
| 020 |
|
|
|a 9789635088973
|
| 024 |
7 |
|
|a 30318330
|2 mtmt
|
| 040 |
|
|
|a SZTE Publicatio Repozitórium
|b hun
|
| 041 |
|
|
|a zxx
|
| 100 |
1 |
|
|a Pál Viktor
|
| 245 |
1 |
2 |
|a A magyarországi egészségügyi szakemberek migrációjának médiareprezentációja
|h [elektronikus dokumentum] /
|c Pál Viktor
|
| 260 |
|
|
|a MTA DAB Földtudományi Szakbizottság
|b Debrecen
|c 2018
|
| 300 |
|
|
|a 3
|
| 300 |
|
|
|a 203-205
|
| 490 |
0 |
|
|a Földrajzi tanulmányok 2018
|
| 700 |
0 |
2 |
|a Ilcsikné Makra Zsófia
|e aut
|
| 700 |
0 |
2 |
|a Lados Gábor
|e aut
|
| 700 |
0 |
2 |
|a Boros Lajos
|e aut
|
| 700 |
0 |
2 |
|a Uzzoli Annamária
|e aut
|
| 856 |
4 |
0 |
|u http://publicatio.bibl.u-szeged.hu/14023/7/14023.pdf
|z Dokumentum-elérés
|